| 000 | 00645nam a22002057a 4500 | ||
|---|---|---|---|
| 999 |
_c17006 _d17006 |
||
| 003 | AR-CdUCM | ||
| 008 | 190507b ||||| |||| 00| 0 spa d | ||
| 040 |
_aMUNICIPALIDAD PROVINCIAL DEL CUSCO _cBIBLIOTECA MUNICIPAL DEL CUSCO |
||
| 082 |
_a927 / _bB41 |
||
| 100 |
_aRiezler, Walter _936811 |
||
| 245 | _aBeethoven / | ||
| 260 |
_aBuenos Aires : _bEdic.Peuser, _c1958. |
||
| 300 |
_a336 paginas ; _c23 cm. |
||
| 505 | _aContenido : Vida --Beethoven y la música absoluta -- Mirada a la obra / | ||
| 650 |
_aSinfonia _928414 |
||
| 650 |
_aCompositor _95237 |
||
| 650 |
_aBeethoven _928533 |
||
| 942 |
_2ddc _cLIBROS |
||
| 945 |
_arjall _d2019-05-07 |
||